Statistics for Midnight Memories - One Direction (All Lyrics)

Click here to take the quiz!

General Stats

  • This quiz has been taken 72 times
  • The average score is 241 of 292

Answer Stats

Answers% Correct
a
100%
A
100%
do
100%
don't
100%
Don't
100%
I
100%
me
100%
the
100%
You
100%
you
100%
to
98%
we
98%
just
93%
Just
93%
and
91%
memories
91%
Midnight
91%
Baby
89%
baby
89%
but
89%
hotel
89%
in
89%
never
89%
oh
89%
Oh
89%
oh.
89%
Tell
89%
tell
89%
I'm
87%
new
87%
what
87%
go
85%
it
85%
know
85%
no
85%
party
85%
people
85%
People
85%
plane
85%
Straight
85%
kitchen
83%
way
83%
Way
83%
could
80%
shh
80%
street
80%
with
80%
crowded
78%
listen
78%
off
78%
singing
78%
Singing
78%
that
78%
where
78%
how
76%
is
76%
many
76%
much
76%
my
76%
talk
76%
too
76%
all
74%
care
74%
down
74%
night
74%
when
74%
Addison
72%
big
72%
for
72%
For
72%
house
72%
touched
72%
friends
70%
say
70%
wrong
70%
this
67%
finding
65%
Lee
65%
One
65%
our
65%
spend
65%
at
63%
please
63%
so
63%
three
63%
two
63%
going
61%
Now
61%
Stumbling
61%
age
59%
need
59%
back
57%
sense
57%
tonight
57%
wanna
57%
day
54%
let's
54%
look
54%
making
54%
old
54%
Anywhere
52%
different
52%
nothing's
52%
Same
52%
stop
52%
follow
50%
jeans
50%
skinny
50%
give
48%
pretend
48%
more
46%
5
43%
foot
43%
whoa
43%
something
41%
I know
22%
I'm wrong
15%

Score Distribution

Percentile by Number Answered

Percent of People with Each Score

Your Score History

You have not taken this quiz